Home buying reform - where is it now? (Record no. 70864)

MARC details
000 -LEADER
fixed length control field 00931cam a2200229 4500
001 - CONTROL NUMBER
control field ABS65722
008 - FIXED-LENGTH DATA ELEMENTS--GENERAL INFORMATION
fixed length control field 020731n2002 000 0 eng u
035 ## - SYSTEM CONTROL NUMBER
System control number (Sirsi) u119132
110 ## - MAIN ENTRY--CORPORATE NAME
Corporate name or jurisdiction name as entry element Royal Institution of Chartered Surveyors
Subordinate unit Residential Property Faculty
9 (RLIN) 4304
245 ## - TITLE STATEMENT
Title Home buying reform - where is it now?
260 ## - PUBLICATION, DISTRIBUTION, ETC.
Date of publication, distribution, etc. 2002
490 ## - SERIES STATEMENT
Series statement RICS Residential Faculty Residential Newsletter
Volume/sequential designation 2(3) June 2002, 8-12(5)
520 ## - SUMMARY, ETC.
Summary, etc. Key questions and answers on the home buying reform proposals including seller's packs, home condition inspectors and home condition reports. Further information on the Home Inspectors Certification Board can be found at www.the HICB.org.uk
590 ## - LOCAL NOTE (RLIN)
Local note ABS
650 ## - SUBJECT ADDED ENTRY--TOPICAL TERM
Topical term or geographic name entry element HOME INFORMATION PACKS
650 ## - SUBJECT ADDED ENTRY--TOPICAL TERM
Topical term or geographic name entry element HOME CONDITION INSPECTORS
650 ## - SUBJECT ADDED ENTRY--TOPICAL TERM
Topical term or geographic name entry element HOME INSPECTORS' CERTIFICATION BOARD
650 ## - SUBJECT ADDED ENTRY--TOPICAL TERM
Topical term or geographic name entry element HOME CONDITION REPORTS
650 ## - SUBJECT ADDED ENTRY--TOPICAL TERM
Topical term or geographic name entry element SAVA
690 ## - LOCAL SUBJECT ADDED ENTRY--TOPICAL TERM (OCLC, RLIN)
Topical term or geographic name as entry element HOUSING
942 ## - ADDED ENTRY ELEMENTS (KOHA)
Suppress in OPAC 0
Holdings
Withdrawn status Lost status Source of classification or shelving scheme Damaged status Not for loan Home library Current library Shelving location Date acquired Total Checkouts Full call number Barcode Date last seen Copy number Price effective from Koha item type
    Dewey Decimal Classification     London London Journal article 31/07/2002   ABS65722 119132-1001 06/08/2019 1 06/08/2019 Journal article